Mathematische Formelsammlung
Αποθηκεύτηκε σε:
| Κύριος συγγραφέας: | |
|---|---|
| Μορφή: | Βιβλίο |
| Γλώσσα: | German |
| Δημοσίευση: |
Berlin :
W. de Gruyter & Co.,
1943
|
| Έκδοση: | 4η έκδ., αναθ. |
| Σειρά: | Sammlung Goschen ;
51 |
| Θέματα: | |
| Ετικέτες: |
Προσθήκη ετικέτας
Δεν υπάρχουν, Καταχωρήστε ετικέτα πρώτοι!
|
MARC
| LEADER | 00000cam a2200000 a 4500 | ||
|---|---|---|---|
| 001 | 1/107027 | ||
| 008 | 150618s1943####-ge| ||| |||| ||ger|| | ||
| 040 | |a GR-MyUa |b gre |c GR-MyUa |e AACR2 | ||
| 041 | 0 | |a ger | |
| 082 | 7 | |a 510.212 |2 (23) | |
| 100 | 1 | |a Bürklen, Otto Th., |d 1856-1919. | |
| 245 | 1 | 0 | |a Mathematische Formelsammlung / |c von O. Th. Burklen ; vollstandig umgearbeitete neuausgabe von Dr. habil F. Ringleb. |
| 250 | |a 4η έκδ., αναθ. | ||
| 260 | |a Berlin : |b W. de Gruyter & Co., |c 1943 | ||
| 300 | |a 270 σ. ; |c 16 εκ. | ||
| 490 | 1 | |a (Sammlung Goschen) |v ; 51 | |
| 650 | 0 | |a Mathematics |x Formulae. | |
| 700 | 1 | |a Ringleb, Friedrich, |d 1900- |e oth | |
| 830 | 0 | |a Sammlung Goschen ; |v 51 | |
| 852 | |a INST |b SAMOS |c MAG |e 20150618 |h 510.212 BUR |p 005300035202 |q 005300035202 |t BK |y 0 | ||
| 970 | |a Σιτζίμη |b Γιασεμή |z 18/06/2015 | ||